| 000 | 00724cam a2200241 a 4500 | ||
|---|---|---|---|
| 008 | |||
| 020 | _a9781446210604 (pbk.) | ||
| 049 | _aMAIN | ||
| 090 |
_aBF637.C6 _bNEL |
||
| 100 | 1 | _aNelson-Jones, Richard. | |
| 245 | 0 |
_aIntroduction to counselling skills : _btext and activities / _c Richard Nelson-Jones. |
|
| 250 | _a4th ed. | ||
| 260 |
_aLondon : _bSAGE Publications, _cc2013. |
||
| 300 |
_axii, 330 p. : _bill. ; _c25 cm. |
||
| 500 | _aIncludes index. | ||
| 504 | _aIncludes bibliographical references. | ||
| 650 | 0 | _aCounseling. | |
| 907 |
_a.b10337829 _b13-01-14 _c15-11-13 |
||
| 003 | |||
| 005 | 20230123122042.0 | ||
| 040 | _cNUST | ||
| 942 |
_cBOOKS _kBF637.C6 _mNEL |
||
| 999 |
_c126957 _d126957 |
||